00400nam a2200109Ia 4500008004100000100001900041245005900060260006900119300001100188650002300199856006800222160712s9999 xx 000 0 und d aAngeles, Mark. cMark AngelesaDe-Kahong Pag-Ibig, De-Kahoy na Himagsik c2013bLikhaan: The Journal of Contemporary Philippine Literature avol. 7 xFICTION/NONFICTION uhttp://journals.upd.edu.ph/index.php/lik/issue/view/537/showToc